[Event "36th Reykjavik op"]
[Site "Reykjavik ISL"]
[Date "2023.04.01"]
[Round "6.43"]
[White "Belenkaya, Dina"]
[Black "Rempe, Jonas"]
[WhiteElo "2300"]
[BlackElo "1887"]
[Result "1-0"]
[EventDate "2023.03.29"]
[PlyCount "62"]

1. e4 e5 2. Nf3 Nc6 3. d4 exd4 4. Nxd4 Bc5 5. Nxc6 Qf6 6. Qf3 bxc6 7. Be2 Qxf3 8.
gxf3 Ne7 9. h4 d5 10. Rg1 O-O 11. Nd2 f5 12. e5 Ng6 13. Nb3 Be7 14. f4 Nxh4 15. Be3
Rd8 16. Rc1 c5 17. Bxc5 Bxc5 18. Nxc5 Ng6 19. Nd3 Ba6 20. Kd2 Rab8 21. b3 Bxd3 22.
cxd3 Rb4 23. Rxc7 Rxf4 24. Bh5 Rf8 25. e6 Rxf2+ 26. Ke3 Rh2 27. Bxg6 f4+ 28. Kd4
hxg6 29. Rxg6 Rh7 30. Rxa7 f3 31. e7 f2  1-0

[Event "36th Reykjavik op"]
[Site "Reykjavik ISL"]
[Date "2023.04.01"]
[Round "6.44"]
[White "Williams, Simon"]
[Black "Sahithi, Varshini M"]
[WhiteElo "2461"]
[BlackElo "2262"]
[Result "0-1"]
[EventDate "2023.03.29"]
[PlyCount "119"]

1. d4 Nf6 2. c4 e6 3. Nf3 Bb4+ 4. Nbd2 b6 5. g3 Bb7 6. Bg2 O-O 7. O-O d5 8. cxd5
exd5 9. Ne5 Nbd7 10. Qa4 Be7 11. Ndf3 Qe8 12. Nxd7 Nxd7 13. Bf4 c5 14. Rac1 Nf6 15.
Qc2 c4 16. b3 b5 17. Ne5 Rc8 18. Qd2 Ba3 19. Rc2 Qe7 20. Bg5 Rc7 21. Ng4 Qe6 22.
Nxf6+ gxf6 23. Bf4 Bd6 24. Qa5 a6 25. bxc4 bxc4 26. Bxd6 Qxd6 27. Rb1 Rd8 28. Rb6
Qe7 29. Rc3 Kg7 30. Re3 Qd7 31. Rf3 Rc6 32. Rb1 Qc7 33. Qc3 Bc8 34. Rc1 Bg4 35. Re3
Re6 36. Qd2 Qd6 37. h3 Bf5 38. Rf3 Bg6 39. Rf4 Rde8 40. Bf3 Kh8 41. Rh4 Re3 42. Kg2
Ra3 43. Kh2 Rd8 44. Bh5 Rd7 45. Bf3 Kg8 46. Rf4 a5 47. h4 Qb4 48. Qxb4 axb4 49. h5
Rc3 50. Ra1 Bc2 51. Rxf6 Ra3 52. h6 b3 53. e4 Kf8 54. Rb6 dxe4 55. Re1 Rd8 56. Bxe4
Bxe4 57. Rxe4 bxa2 58. Rb7 Ra6 59. Rf4 Rxh6+ 60. Kg2  0-1

[Event "36th Reykjavik op"]
[Site "Reykjavik ISL"]
[Date "2023.04.01"]
[Round "6.45"]
[White "Bjorkman, Filip"]
[Black "Braun, Vitali"]
[WhiteElo "2040"]
[BlackElo "2356"]
[Result "1/2-1/2"]
[EventDate "2023.03.29"]
[PlyCount "107"]

1. e4 e6 2. d4 d5 3. Nd2 c5 4. exd5 Qxd5 5. Ngf3 cxd4 6. Bc4 Qd6 7. O-O Nf6 8. Nb3
Nc6 9. Nbxd4 Nxd4 10. Nxd4 a6 11. Re1 Qc7 12. Bf1 Be7 13. Qf3 O-O 14. Bf4 Bd6 15.
Bxd6 Qxd6 16. Rad1 Qb6 17. Qb3 Qc7 18. c4 Bd7 19. Nf3 Rfd8 20. Ne5 Be8 21. Qe3 a5
22. b3 Rd6 23. Rxd6 Qxd6 24. Be2 Rd8 25. h3 Qb4 26. Bf3 a4 27. Rd1 Rc8 28. Nd3 Qe7
29. Qb6 axb3 30. Qxb3 Bc6 31. Bxc6 Rxc6 32. Rb1 Rc7 33. Qb4 Qxb4 34. Rxb4 Kf8 35.
a4 Nd7 36. Kf1 Ke7 37. Ke2 Kd6 38. Kd2 b6 39. Kc3 Ra7 40. Kb3 f6 41. Rb5 e5 42. f3
Ra8 43. Kb4 Kc6 44. a5 bxa5+ 45. Rxa5 Rb8+ 46. Kc3 Rb1 47. Nb4+ Kb7 48. Rb5+ Kc8
49. Nd5 Rg1 50. Rb2 Nc5 51. Ra2 Kb7 52. Nb4 Ne6 53. Nd3 Kb6 54. Rb2+  1/2-1/2

[Event "36th Reykjavik op"]
[Site "Reykjavik ISL"]
[Date "2023.04.01"]
[Round "6.46"]
[White "Miller, Eduard"]
[Black "Laddha, Yash Jayesh"]
[WhiteElo "2354"]
[BlackElo "2067"]
[Result "1-0"]
[EventDate "2023.03.29"]
[PlyCount "79"]

1. d4 Nf6 2. Bf4 e6 3. e3 c5 4. Nf3 d5 5. Nbd2 Nc6 6. c3 Bd6 7. Bg3 O-O 8. Bd3 b6
9. e4 Be7 10. e5 Nh5 11. Ng5 Bxg5 12. Qxh5 g6 13. Qe2 cxd4 14. h4 dxc3 15. bxc3 Bh6
16. h5 Bg7 17. Kf1 Qc7 18. Re1 Ne7 19. Rh3 Qd7 20. Bh4 Nf5 21. Bf6 Bxf6 22. exf6
e5 23. Qxe5 Qd6 24. Nf3 Qxe5 25. Rxe5 Nd6 26. Rh4 Ne4 27. hxg6 hxg6 28. Bxe4 dxe4
29. Ng5 Ba6+ 30. Kg1 Rae8 31. Rexe4 Bd3 32. Rd4 Rd8 33. f3 Rfe8 34. Rh7 Re1+ 35.
Kh2 Rxd4 36. Rg7+ Kf8 37. Rxf7+ Ke8 38. cxd4 Bc4 39. Rxa7 Kf8 40. Rh7  1-0

[Event "36th Reykjavik op"]
[Site "Reykjavik ISL"]
[Date "2023.04.01"]
[Round "6.47"]
[White "Tulendinov, Dinmukhammed"]
[Black "Heimisson, Hilmir Freyr"]
[WhiteElo "2048"]
[BlackElo "2351"]
[Result "1-0"]
[EventDate "2023.03.29"]
[PlyCount "71"]

1. e4 c5 2. Nc3 Nc6 3. g3 g6 4. Bg2 Bg7 5. d3 d6 6. Nge2 Rb8 7. O-O b5 8. f4 Qd7
9. h3 f5 10. Nd5 e6 11. Ne3 Nh6 12. g4 O-O 13. Ng3 Ne7 14. c3 b4 15. Bd2 a5 16. Kh2
Ba6 17. Qc2 e5 18. gxf5 gxf5 19. Ngxf5 Nhxf5 20. Nxf5 Nxf5 21. exf5 Rxf5 22. Be4
Rh5 23. f5 Rf8 24. Qd1 Qe8 25. Qg4 Kh8 26. Bg5 Bc8 27. c4 Qg6 28. h4 h6 29. fxg6
Bxg4 30. Rxf8+ Bxf8 31. Rf1 hxg5 32. Rxf8+ Kg7 33. Rf7+ Kh8 34. g7+ Kg8 35. Bd5 Rh6
36. Re7+  1-0

[Event "36th Reykjavik op"]
[Site "Reykjavik ISL"]
[Date "2023.04.01"]
[Round "6.48"]
[White "Song, Julien"]
[Black "Markzon, Gregory"]
[WhiteElo "2348"]
[BlackElo "2059"]
[Result "1-0"]
[EventDate "2023.03.29"]
[PlyCount "95"]

1. d4 Nf6 2. c4 g6 3. Nc3 d5 4. cxd5 Nxd5 5. e4 Nxc3 6. bxc3 Bg7 7. Bc4 O-O 8. Ne2
c5 9. Be3 Nc6 10. Rc1 Bd7 11. O-O Rc8 12. Qd2 Qa5 13. d5 Ne5 14. Bb3 Qa6 15. Ng3
Bb5 16. Rfd1 Nc4 17. Bxc4 Bxc4 18. Bh6 f6 19. Bxg7 Kxg7 20. h4 Rcd8 21. Qf4 b5 22.
a3 Bb3 23. Re1 Qd6 24. Qg4 Kf7 25. Re3 e5 26. h5 a5 27. Rf3 Rg8 28. Qg5 Rdf8 29.
Qh6 Rg7 30. Nf1 Bc4 31. Ne3 Be2 32. Rg3 Rfg8 33. f3 c4 34. Ra1 Bd3 35. Kf2 Qc5 36.
hxg6+ hxg6 37. Rh3 Rb8 38. g4 b4 39. axb4 axb4 40. cxb4 Qd4 41. Rhh1 c3 42. Kg3 c2
43. Rhe1 f5 44. gxf5 Rbg8 45. f6 Kxf6 46. Ng4+ Kf7 47. Qg5 Rc8 48. Qf6+  1-0

[Event "36th Reykjavik op"]
[Site "Reykjavik ISL"]
[Date "2023.04.01"]
[Round "6.49"]
[White "Doran, Chris"]
[Black "Panesar, Vedant"]
[WhiteElo "1918"]
[BlackElo "2348"]
[Result "0-1"]
[EventDate "2023.03.29"]
[PlyCount "70"]

1. e4 e5 2. Nf3 Nc6 3. Bb5 a6 4. Ba4 d6 5. Bxc6+ bxc6 6. d4 exd4 7. Nxd4 c5 8. Ne2
Nf6 9. Nbc3 Be7 10. O-O O-O 11. Ng3 Re8 12. Re1 Ng4 13. Nf5 Bxf5 14. exf5 Ne5 15.
Bf4 Bf6 16. Nd5 c6 17. Nxf6+ Qxf6 18. Bxe5 Rxe5 19. Rxe5 Qxe5 20. c3 Re8 21. g3 c4
22. Qf3 d5 23. Kf1 Kf8 24. Rd1 Qf6 25. Qf4 g6 26. Qh6+ Kg8 27. Rd4 Qxf5 28. Rh4 g5
29. Rh5 f6 30. g4 Qd3+ 31. Kg2 Qe4+ 32. f3 Qc2+ 33. Kg3 Re2 34. Rxg5+ fxg5 35. Qxg5+
Qg6  0-1

[Event "36th Reykjavik op"]
[Site "Reykjavik ISL"]
[Date "2023.04.01"]
[Round "6.50"]
[White "Sarkar, Justin"]
[Black "Knudsen, Martin"]
[WhiteElo "2338"]
[BlackElo "1969"]
[Result "1-0"]
[EventDate "2023.03.29"]
[PlyCount "99"]

1. e4 d6 2. d4 Nf6 3. Nc3 e5 4. Nf3 Nbd7 5. Bc4 Be7 6. O-O h6 7. a4 c6 8. Re1 Qc7
9. Nh4 Nb6 10. Ba2 a5 11. h3 O-O 12. Ng6 Re8 13. f4 exd4 14. Nxe7+ Rxe7 15. Qxd4
Be6 16. Bxe6 fxe6 17. Be3 c5 18. Qd3 Qc6 19. Bf2 Ne8 20. g4 Rd7 21. f5 exf5 22. exf5
Nc7 23. Bg3 Re8 24. Rxe8+ Nxe8 25. Re1 Nc7 26. b3 c4 27. Qd4 cxb3 28. cxb3 Qc5 29.
Rd1 Ne8 30. Bf2 Qxd4 31. Bxd4 Nc8 32. Kf2 Kf7 33. Kf3 Nc7 34. h4 Re7 35. g5 hxg5
36. hxg5 Ke8 37. g6 Kd7 38. Rh1 Kc6 39. Rc1 Kd7 40. Rg1 b6 41. Rg4 d5 42. f6 Re1
43. f7 Rf1+ 44. Ke2 Rf5 45. Rg5 Rf4 46. Be5 Ne6 47. Bxf4 Nxf4+ 48. Ke3 Ne6 49. Rxd5+
Ke7 50. Re5  1-0

[Event "36th Reykjavik op"]
[Site "Reykjavik ISL"]
[Date "2023.04.01"]
[Round "6.51"]
[White "Frank, Anton"]
[Black "Camus de Solliers, Guillaume"]
[WhiteElo "1857"]
[BlackElo "2325"]
[Result "1/2-1/2"]
[EventDate "2023.03.29"]
[PlyCount "74"]

1. c4 e5 2. Nc3 Nc6 3. g3 g6 4. Bg2 Bg7 5. e4 Nge7 6. Nge2 O-O 7. O-O d6 8. d3 Be6
9. Nd5 f5 10. f4 Qd7 11. Be3 Rab8 12. Rb1 Nd4 13. Nxe7+ Qxe7 14. Nxd4 exd4 15. Bf2
fxe4 16. Bxe4 Qd7 17. b3 Rfe8 18. Qc2 c5 19. Rfe1 h6 20. Bf3 Bg4 21. Bd5+ Kf8 22.
Qd2 Bf6 23. a4 Rxe1+ 24. Rxe1 Re8 25. Be4 Kg7 26. Qb2 Re7 27. Qd2 Qe8 28. Kg2 Qd7
29. Bd5 Rxe1 30. Qxe1 Bh3+ 31. Kg1 Qg4 32. Bg2 g5 33. fxg5 Bxg5 34. Bxh3 Qxh3 35.
Qe4 Kf6 36. Qf3+ Qf5 37. Qxf5+ Kxf5  1/2-1/2

[Event "36th Reykjavik op"]
[Site "Reykjavik ISL"]
[Date "2023.04.01"]
[Round "6.52"]
[White "Papadiamandis, Elliot"]
[Black "Yeo, Ruizhi Carwyn"]
[WhiteElo "2323"]
[BlackElo "1963"]
[Result "1-0"]
[EventDate "2023.03.29"]
[PlyCount "103"]

1. e4 c5 2. Nf3 d6 3. d4 cxd4 4. Nxd4 Nf6 5. Nc3 Nc6 6. Bg5 e6 7. Qd2 Be7 8. O-O-O
O-O 9. f4 Nxd4 10. Qxd4 Qa5 11. Bc4 a6 12. Bb3 b5 13. e5 dxe5 14. fxe5 Nd5 15. Bxe7
Nxe7 16. Qc5 Ng6 17. h4 Bb7 18. h5 Rfc8 19. Qf2 Nxe5 20. h6 Rxc3 21. bxc3 Qxc3 22.
Qd4 Qxd4 23. Rxd4 gxh6 24. Rh5 Ng6 25. g3 Rc8 26. Kd2 Rc7 27. Rxh6 Kg7 28. Rh5 e5
29. Rd6 Bf3 30. Rf5 Be4 31. Rf2 a5 32. c3 a4 33. Bd5 Bxd5 34. Rxd5 Rb7 35. a3 h6
36. Rc5 Rd7+ 37. Kc2 e4 38. Rxb5 Rd3 39. Rb4 Rxg3 40. Rxe4 h5 41. Rxa4 h4 42. Ra7
Ne5 43. Rf5 Ng4 44. Rfxf7+ Kg6 45. Rg7+ Kf6 46. Kb3 h3 47. Rg8 h2 48. Rh7 Rg2 49.
Rxh2 Rxh2 50. Rxg4 Ke6 51. Rd4 Rh5 52. a4  1-0

[Event "36th Reykjavik op"]
[Site "Reykjavik ISL"]
[Date "2023.04.01"]
[Round "6.53"]
[White "Tamas, Gunes Ongut"]
[Black "Bartelt, Max Peter"]
[WhiteElo "2317"]
[BlackElo "2031"]
[Result "1-0"]
[EventDate "2023.03.29"]
[PlyCount "71"]

1. g3 Nf6 2. Bg2 g6 3. d4 Bg7 4. c4 O-O 5. Nc3 d6 6. Nf3 c6 7. O-O Nbd7 8. e4 e5
9. h3 Qc7 10. Re1 a5 11. b3 Rd8 12. Bg5 Nf8 13. Rc1 Ne6 14. Be3 Nd7 15. d5 Nec5 16.
Qd2 Na6 17. Red1 c5 18. Ne1 Rf8 19. Nd3 Nb4 20. Nb2 Qd8 21. a3 Na6 22. Nb5 Ndb8 23.
f4 Nc7 24. Nc3 Nd7 25. Nd3 f6 26. Rf1 Qe7 27. Rce1 Rf7 28. fxe5 Nxe5 29. Nxe5 dxe5
30. d6 Qd8 31. dxc7 Qxd2 32. Bxd2 Rxc7 33. Nd5 Rf7 34. Nb6 Rb8 35. Bxa5 Be6 36. Bc3
 1-0

[Event "36th Reykjavik op"]
[Site "Reykjavik ISL"]
[Date "2023.04.01"]
[Round "6.54"]
[White "Fouassier, Paul"]
[Black "Sigurbjorn, Bjornsson"]
[WhiteElo "1848"]
[BlackElo "2310"]
[Result "0-1"]
[EventDate "2023.03.29"]
[PlyCount "62"]

1. e4 c5 2. Nf3 e6 3. d4 cxd4 4. Nxd4 Nc6 5. Nc3 Qc7 6. Qd3 a6 7. Nxc6 Qxc6 8. Qg3
b5 9. Bd3 Bb7 10. O-O Nf6 11. e5 Nd5 12. Nxd5 Qxd5 13. Re1 Qc5 14. Be3 Qc6 15. Bf4
g6 16. h4 Be7 17. Be4 Qc7 18. Bxb7 Qxb7 19. Bg5 Bxg5 20. Qxg5 Qc7 21. Qf6 O-O 22.
h5 Qd8 23. Qf4 Rc8 24. c3 Rc4 25. Re4 Rxe4 26. Qxe4 Qg5 27. hxg6 hxg6 28. Rd1 Kg7
29. Qd4 Rh8 30. f3 Rh4 31. Qxd7 Qe3+  0-1

[Event "36th Reykjavik op"]
[Site "Reykjavik ISL"]
[Date "2023.04.01"]
[Round "6.55"]
[White "Olson, Hamish"]
[Black "Kolka, David"]
[WhiteElo "2309"]
[BlackElo "1940"]
[Result "1/2-1/2"]
[EventDate "2023.03.29"]
[PlyCount "85"]

1. Nf3 d5 2. g3 Nf6 3. Bg2 c6 4. O-O Bf5 5. d4 h6 6. c4 e6 7. Nc3 Be7 8. Qb3 Qb6
9. c5 Qxb3 10. axb3 Na6 11. Bf4 O-O 12. Rfc1 g5 13. Bd2 Ne4 14. Be1 Bf6 15. e3 g4
16. Nxe4 Bxe4 17. Ne5 Bxe5 18. dxe5 Bf5 19. Ra4 Nc7 20. Bf1 Kh7 21. Be2 Rg8 22. Rb4
Rab8 23. Ra1 a6 24. Raa4 Be4 25. Rxe4 dxe4 26. Rxe4 Rbd8 27. Ba5 Rd7 28. Bxg4 Nb5
29. Rf4 Rg5 30. Be2 Rxe5 31. Rc4 Rdd5 32. e4 Rxc5 33. f4 Rxc4 34. bxc4 Rxe4 35. Bd3
Nd6 36. c5 f5 37. cxd6 Rd4 38. Bc4 Rxd6 39. Bc3 b5 40. Bb3 c5 41. Kf2 Kg6 42. Ke3
Rc6 43. Ba5  1/2-1/2

[Event "36th Reykjavik op"]
[Site "Reykjavik ISL"]
[Date "2023.04.01"]
[Round "6.56"]
[White "Karthik, Rajaa"]
[Black "Gregersen, Einar"]
[WhiteElo "2302"]
[BlackElo "1894"]
[Result "1-0"]
[EventDate "2023.03.29"]
[PlyCount "89"]

1. d4 Nf6 2. Nf3 g6 3. Nc3 d5 4. Bf4 Bg7 5. Nb5 Na6 6. e3 O-O 7. h3 Bf5 8. Bd3 Bxd3
9. cxd3 c5 10. O-O cxd4 11. Nfxd4 Nd7 12. Nf3 Bxb2 13. Rb1 Bg7 14. d4 Nb6 15. Qb3
Qd7 16. Nxa7 Nc4 17. Nb5 Rfc8 18. Nc3 b6 19. e4 e6 20. exd5 exd5 21. Qb5 Qxb5 22.
Rxb5 Na3 23. Rb3 Nc2 24. Nxd5 Rd8 25. Nxb6 Ra7 26. Bg5 Re8 27. Rd1 h6 28. Bc1 Nxd4
29. Nxd4 Bxd4 30. Bxh6 Bxb6 31. Rxb6 Nb8 32. Bf4 Nd7 33. Rbd6 Nf8 34. Rd8 Rxd8 35.
Rxd8 Kg7 36. Rd2 Ra4 37. Bd6 Ne6 38. a3 Kf6 39. Bb4 Ra6 40. Rd5 Rc6 41. g3 Rc4 42.
h4 Nd4 43. Rxd4 Rxd4 44. Bc3 Ke5 45. g4  1-0

[Event "36th Reykjavik op"]
[Site "Reykjavik ISL"]
[Date "2023.04.01"]
[Round "6.57"]
[White "Krumm, Arthur"]
[Black "Papp, Sarah"]
[WhiteElo "1843"]
[BlackElo "2288"]
[Result "0-1"]
[EventDate "2023.03.29"]
[PlyCount "80"]

1. e4 c5 2. Be2 Nc6 3. f4 e6 4. Nf3 d5 5. d3 Bd6 6. e5 Bc7 7. c3 Nge7 8. O-O O-O
9. Na3 f6 10. d4 cxd4 11. cxd4 Nf5 12. Nc2 fxe5 13. fxe5 Bd7 14. b4 Qe8 15. a4 Bd8
16. Bd3 Qh5 17. b5 Na5 18. Ne3 Nxe3 19. Bxe3 Be7 20. Qe1 Nc4 21. Bxc4 dxc4 22. Nd2
a6 23. Nxc4 axb5 24. Nb6 Rxf1+ 25. Qxf1 Rf8 26. Qd3 Bc6 27. d5 Qxe5 28. Bd4 Bc5 29.
Rd1 Qxd4+ 30. Qxd4 Bxd4+ 31. Rxd4 exd5 32. axb5 Bxb5 33. h3 Rf1+ 34. Kh2 Bc6 35.
Nxd5 Kf7 36. Nb4 Ke6 37. Nxc6 bxc6 38. Kg3 Rf7 39. Rd8 c5 40. Rd1 Ke5  0-1

[Event "36th Reykjavik op"]
[Site "Reykjavik ISL"]
[Date "2023.04.01"]
[Round "6.58"]
[White "Kjartansson, Dagur"]
[Black "Jacobsen, Mikkel Manosri"]
[WhiteElo "1835"]
[BlackElo "2283"]
[Result "0-1"]
[EventDate "2023.03.29"]
[PlyCount "79"]

1. c4 e6 2. d4 d5 3. Nc3 a6 4. cxd5 exd5 5. Nf3 h6 6. Bf4 Nf6 7. e3 Bd6 8. Bxd6 Qxd6
9. h3 O-O 10. Bd3 Nc6 11. O-O Ne7 12. Qc2 g6 13. Ne5 c5 14. b3 b5 15. f4 c4 16. bxc4
bxc4 17. Be2 Bf5 18. Qc1 Ne4 19. g4 Nxc3 20. Qxc3 Be4 21. Bf3 Bxf3 22. Nxf3 Rfb8
23. Rab1 Rb5 24. Nd2 Rab8 25. Kg2 Qe6 26. Rxb5 axb5 27. a3 Nc6 28. f5 Qd6 29. fxg6
fxg6 30. e4 Rf8 31. Rxf8+ Kxf8 32. Qf3+ Kg7 33. e5 Qe6 34. Qc3 Qe7 35. Kf2 Qh4+ 36.
Ke2 h5 37. Qe3 hxg4 38. hxg4 Qxg4+ 39. Nf3 Qe4 40. Nd2  0-1

[Event "36th Reykjavik op"]
[Site "Reykjavik ISL"]
[Date "2023.04.01"]
[Round "6.59"]
[White "Kolbus, Dietmar"]
[Black "Finnsson, Johann Arnar"]
[WhiteElo "2273"]
[BlackElo "1874"]
[Result "1-0"]
[EventDate "2023.03.29"]
[PlyCount "71"]

1. c4 g6 2. d4 Bg7 3. e4 d6 4. Nc3 Nc6 5. Nge2 e5 6. d5 Nd4 7. Be3 Nxe2 8. Bxe2 f5
9. exf5 gxf5 10. f4 e4 11. Qd2 b6 12. O-O-O Nf6 13. Kb1 Qe7 14. Rc1 Rg8 15. Bd4 Kf8
16. h3 h5 17. Bf2 Bh8 18. Rhg1 Bd7 19. Bh4 Qh7 20. Nd1 e3 21. Nxe3 Ne4 22. Qc2 Qg7
23. Nd1 Qd4 24. Nc3 Nd2+ 25. Ka1 Nxc4 26. Bxh5 b5 27. Qe2 Qg7 28. Rce1 Qh7 29. Be7+
Kg7 30. Bg5 Kf8 31. Be7+ Kg7 32. g4 Kh6 33. g5+ Kg7 34. g6 Qh6 35. Bf6+ Kxf6 36.
Qe7#  1-0

[Event "36th Reykjavik op"]
[Site "Reykjavik ISL"]
[Date "2023.04.01"]
[Round "6.60"]
[White "Oberschilp, Friedrich"]
[Black "Rakhmangulova, Anastasiya"]
[WhiteElo "1827"]
[BlackElo "2266"]
[Result "0-1"]
[EventDate "2023.03.29"]
[PlyCount "48"]

1. d4 Nf6 2. c4 g6 3. Nc3 Bg7 4. e4 d6 5. f4 O-O 6. Nf3 c5 7. d5 b5 8. cxb5 a6 9.
b6 Qxb6 10. a4 Qb4 11. Nd2 Ng4 (11... Nxe4) 12. Qf3 Bd4 13. Nd1 f5 14. h3 fxe4 15.
Qxe4 Nf6 16. Qf3 Nh5 17. g3 e5 18. Bd3 exf4 19. g4 Ng3 20. Rh2 Nd7 21. Be2 Ne5 22.
Qb3 Re8 23. Ra3 a5 24. Nf2 Ba6  0-1

[Event "36th Reykjavik op"]
[Site "Reykjavik ISL"]
[Date "2023.04.01"]
[Round "6.61"]
[White "Ostensson, Julia"]
[Black "Hommer, Jeremy"]
[WhiteElo "1822"]
[BlackElo "2251"]
[Result "0-1"]
[EventDate "2023.03.29"]
[PlyCount "48"]

1. e4 c6 2. d4 d5 3. exd5 cxd5 4. Bd3 Nc6 5. c3 Nf6 6. Bf4 g6 7. Nf3 Bg7 8. O-O O-O
9. Nbd2 a6 10. h3 e6 11. a4 b6 12. Re1 Bb7 13. Ne5 Ne7 14. Qb3 Nf5 15. Qb4 Re8 16.
Bxf5 gxf5 17. a5 b5 18. Nb3 Ne4 19. Nc5 Ra7 20. Nxe4 (20. Rxe4 dxe4 21. Qb3 Bd5 22.
c4 Bxc4 23. Qg3 Bd5 24. Rc1 f6 25. Ned7 Qe7 26. Be3 (26. Bc7 Rc8 27. Bd6 Qxd7 28.
Nxd7 Rxc1+ 29. Kh2 Rxd7 30. Bc5 e5 31. dxe5 fxe5 32. b4 Be6 33. Qg5 f4) 26... Rc8)
20... dxe4 21. Qb3 Bd5 22. c4 Bxc4 23. Qg3 Bd5 24. Rec1 f6  0-1

[Event "36th Reykjavik op"]
[Site "Reykjavik ISL"]
[Date "2023.04.01"]
[Round "6.62"]
[White "Melaa, Sondre"]
[Black "Harnett, Robert J"]
[WhiteElo "2243"]
[BlackElo "1861"]
[Result "1-0"]
[EventDate "2023.03.29"]
[PlyCount "53"]

1. d4 Nf6 2. Bf4 d5 3. e3 e6 4. Nf3 Bd6 5. Ne5 O-O 6. Nd2 c5 7. c3 Nc6 8. Bd3 Qc7
9. Ndf3 Ne4 10. O-O f6 11. Nxc6 bxc6 12. Bxd6 Qxd6 13. Bxe4 dxe4 14. Nd2 Ba6 15.
Re1 Bd3 16. Nb3 c4 17. Nc5 f5 18. f3 Rf6 19. b3 Rh6 20. g3 Rg6 21. f4 Kh8 22. bxc4
Bxc4 23. Qa4 Qd5 24. Rab1 Bd3 25. Rb7 h5 26. Qb3 Bc4 27. Qd1  1-0

[Event "36th Reykjavik op"]
[Site "Reykjavik ISL"]
[Date "2023.04.01"]
[Round "6.63"]
[White "Eliasson, Kristjan Oern"]
[Black "Baasansuren, Erdene"]
[WhiteElo "1737"]
[BlackElo "2232"]
[Result "0-1"]
[EventDate "2023.03.29"]
[PlyCount "66"]

1. e4 c5 2. Nf3 d6 3. Nc3 Nf6 4. d4 cxd4 5. Nxd4 a6 6. Be2 e5 7. Nf3 Be7 8. Bg5 Be6
9. h3 Nbd7 10. O-O h6 11. Be3 O-O 12. Nh2 Rc8 13. Bf3 b5 14. Ne2 Nc5 15. Ng3 d5 16.
exd5 Nxd5 17. Bd2 f5 18. Ba5 Qd7 19. Bxd5 Bxd5 20. Bc3 f4 21. Nh1 Qe6 22. f3 Na4
23. Re1 Bc5+ 24. Nf2 Bxf2+ 25. Kxf2 Qb6+ 26. Kf1 Bc4+ 27. Re2 Nxc3 28. bxc3 Rfd8
29. Qe1 h5 30. Qf2 Qxf2+ 31. Kxf2 Bxe2 32. Kxe2 Rxc3 33. Rc1 Re3+  0-1

[Event "36th Reykjavik op"]
[Site "Reykjavik ISL"]
[Date "2023.04.01"]
[Round "6.64"]
[White "Large, Peter G"]
[Black "Notkin, Akiva"]
[WhiteElo "2227"]
[BlackElo "1846"]
[Result "1-0"]
[EventDate "2023.03.29"]
[PlyCount "71"]

1. e4 e5 2. Nf3 Nc6 3. Bb5 a6 4. Ba4 Nf6 5. d4 Nxe4 6. O-O Be7 7. Qe2 Nd6 8. dxe5
Nf5 9. Bxc6 bxc6 10. Qe4 Nh4 11. Nxh4 Bxh4 12. Qg4 Kf8 13. Bf4 h5 14. Qf3 Rb8 15.
Nd2 Bb7 16. Rad1 Be7 17. Nc4 c5 18. Qh3 g5 19. Rxd7 Qe8 20. Bd2 Bc8 21. e6 Bxd7 22.
exd7 Qd8 23. Re1 g4 24. Qc3 Kg8 25. Qe5 Qxd7 26. Qxe7 Qxe7 27. Rxe7 Rb7 28. Bc3 Kf8
29. Re5 Rh6 30. Rxc5 h4 31. Rg5 Re6 32. Rxg4 Rb5 33. Rxh4 Rd5 34. Ne3 Rd7 35. Rh8+
Ke7 36. Nf5#  1-0

[Event "36th Reykjavik op"]
[Site "Reykjavik ISL"]
[Date "2023.04.01"]
[Round "6.65"]
[White "Andrews, Todd"]
[Black "Dorweiler, Roger Paul"]
[WhiteElo "2217"]
[BlackElo "1843"]
[Result "1-0"]
[EventDate "2023.03.29"]
[PlyCount "25"]

1. e4 Nc6 2. d4 d5 3. e5 Bf5 4. c3 e6 5. Bd3 Nge7 6. Ne2 f6 7. f4 Qd7 8. b4 Bxd3
9. Qxd3 h5 10. Nd2 Nf5 11. Nb3 O-O-O 12. b5 Nce7 13. Nc5  1-0

[Event "36th Reykjavik op"]
[Site "Reykjavik ISL"]
[Date "2023.04.01"]
[Round "6.66"]
[White "Bjarnason, Snorri Vikanes"]
[Black "Cieslak, Patryk"]
[WhiteElo "1676"]
[BlackElo "2207"]
[Result "0-1"]
[EventDate "2023.03.29"]
[PlyCount "110"]

1. c4 e5 2. g3 Nf6 3. Nc3 d5 4. cxd5 Nxd5 5. Nf3 Nc6 6. Bg2 Nb6 7. d3 Be7 8. Be3
O-O 9. O-O Be6 10. a4 Nd5 11. Nxd5 Bxd5 12. Nd2 Bxg2 13. Kxg2 Nd4 14. Bxd4 exd4 15.
Qb3 Rb8 16. Rac1 Kh8 17. Nf3 c5 18. Ne5 Qe8 19. Qd5 f6 20. Nc4 b6 21. b3 Rf7 22.
Nd2 Rd8 23. Qf3 f5 24. h4 Bd6 25. Rfe1 Rdd7 26. Nc4 Bc7 27. e4 f4 28. Qg4 Rde7 29.
e5 fxg3 30. fxg3 h6 31. Qe4 a6 32. Qd5 Qf8 33. Rf1 Rf5 34. Nd6 Bxd6 35. exd6 Re2+
36. Kg1 Rxd5 37. Rxf8+ Kh7 38. b4 Rxd6 39. bxc5 Rc6 40. Rd8 Rxc5 41. Rxc5 bxc5 42.
Rd5 Rc2 43. g4 Kg8 44. Kf1 Kf7 45. Rd6 a5 46. Ra6 Ke7 47. Rxa5 Kd6 48. Ra7 Rd2 49.
Rxg7 Rxd3 50. Ke2 c4 51. g5 hxg5 52. Rxg5 Rh3 53. a5 d3+ 54. Kd2 Rh2+ 55. Kc1 c3
 0-1

[Event "36th Reykjavik op"]
[Site "Reykjavik ISL"]
[Date "2023.04.01"]
[Round "6.67"]
[White "Buchert, Matthaus"]
[Black "Melzner, Lukas"]
[WhiteElo "1641"]
[BlackElo "2199"]
[Result "0-1"]
[EventDate "2023.03.29"]
[PlyCount "62"]

1. e4 e6 2. Nc3 d5 3. Nf3 d4 4. Ne2 c5 5. c3 Nc6 6. Ng3 Bd6 7. Bb5 e5 8. Bxc6+ bxc6
9. O-O Ne7 10. c4 h5 11. Nh4 g5 12. Nhf5 h4 13. Ng7+ Kf8 14. N3f5 Ng8 15. d3 Rh7
16. Nxd6 Qxd6 17. Nf5 Bxf5 18. exf5 Rg7 19. g4 hxg3 20. fxg3 Nf6 21. Re1 Re8 22.
Qf3 e4 23. dxe4 Nd7 24. Qh5 Ne5 25. b3 f6 26. h4 Nd3 27. Kh2 Nxe1 28. hxg5 fxg5 29.
Bxg5 Rxg5 30. Qh8+ Rg8 31. Qh6+ Qxh6+  0-1

[Event "36th Reykjavik op"]
[Site "Reykjavik ISL"]
[Date "2023.04.01"]
[Round "6.68"]
[White "Bergsson, Stefan"]
[Black "Haugen, Lars Tormod"]
[WhiteElo "2192"]
[BlackElo "1837"]
[Result "1-0"]
[EventDate "2023.03.29"]
[PlyCount "55"]

1. c4 c5 2. Nc3 g6 3. g3 Bg7 4. Bg2 d6 5. e4 Nc6 6. Nge2 h5 7. h3 h4 8. g4 f5 9.
gxf5 gxf5 10. d3 e5 11. exf5 Bxf5 12. a3 Nge7 13. Bg5 Qd7 14. Rb1 Bh6 15. Bxh4 Ng6
16. Bg3 O-O 17. Nd5 Rae8 18. Be4 Kh7 19. b4 Nd4 20. Nec3 Nf4 21. Bxf4 exf4 22. bxc5
dxc5 23. Kf1 Rxe4 24. Nxe4 Bxh3+ 25. Ke1 Kg7 26. Rg1+ Kh8 27. Qh5 Nc2+ 28. Kd2  1-0

[Event "36th Reykjavik op"]
[Site "Reykjavik ISL"]
[Date "2023.04.01"]
[Round "6.69"]
[White "Mannion, Stephen"]
[Black "Patel, Zain"]
[WhiteElo "2190"]
[BlackElo "1833"]
[Result "1-0"]
[EventDate "2023.03.29"]
[PlyCount "95"]

1. e4 c6 2. d4 d5 3. e5 c5 4. dxc5 e6 5. Nf3 Bxc5 6. Bd3 Ne7 7. O-O Ng6 8. a3 O-O
9. Ng5 Qc7 10. Qh5 h6 11. Nf3 Nc6 12. Re1 Nd4 13. Nxd4 Bxd4 14. c3 Bb6 15. a4 Bd7
16. a5 Bxa5 17. Bxh6 Be8 18. Be3 Bb6 19. Nd2 f5 20. exf6 Rxf6 21. Nf3 Nf8 22. Qe5
Qxe5 23. Nxe5 Bxe3 24. Rxe3 Nd7 25. Ng4 Rf4 26. h3 Nc5 27. Ne5 Bc6 28. b4 Nxd3 29.
Nxd3 Rf6 30. Nc5 Kf7 31. Rae1 Re8 32. f4 Bb5 33. Nxb7 Ke7 34. f5 Bd7 35. fxe6 Bxe6
36. Nc5 Kd6 37. Rxe6+ Rfxe6 38. Rxe6+ Rxe6 39. Nxe6 Kxe6 40. Kf2 d4 41. cxd4 Kd5
42. Ke3 Kc4 43. Ke4 Kb5 44. d5 Kb6 45. Ke5 Kc7 46. Ke6 Kd8 47. Kd6 g6 48. b5  1-0

[Event "36th Reykjavik op"]
[Site "Reykjavik ISL"]
[Date "2023.04.01"]
[Round "6.70"]
[White "Bruchmann, Stephan"]
[Black "Pedersen, Sondre-Andreas"]
[WhiteElo "2185"]
[BlackElo "1674"]
[Result "1/2-1/2"]
[EventDate "2023.03.29"]
[PlyCount "37"]

1. e4 c5 2. Nf3 e6 3. b3 Nc6 4. Bb2 a6 5. g3 d6 6. Bg2 Nf6 7. Qe2 e5 8. O-O Be7 9.
c3 Bg4 10. h3 Bd7 11. d4 cxd4 12. cxd4 Nxd4 13. Nxd4 exd4 14. Bxd4 Bb5 15. Qe3 Bxf1
16. Kxf1 O-O 17. Nc3 Re8 18. Rd1 Bf8 19. Bb6  1/2-1/2